000 00362nam a2200157Ia 4500
008 230524s9999 xx 000 0 und d
082 _a658.5
_bHMT
100 _aHMT Bangalore
245 0 _aProduction Technology
250 _a19TH
260 _aNEW DELHI
_bTMH
_c2002
300 _a870
500 _aQuantity Number: 2
650 _aMechanics
942 _cBK
999 _c21431
_d21431